Every Single Character Mentioned in Fablehaven - Statistics

General Stats
  • This quiz has been taken 82 times
  • The average score is 15 of 31
Answer Stats
Chapter Answer % Correct
7 S
98%
1 Kendra Sorenson
95%
1 Seth Sorenson
95%
1 Ruth Sorenson
88%
1 Stan Sorenson
88%
1 Scott Sorenson
69%
1 Dale Burgess
67%
1 Hank Larsen
67%
1 Marla Sorenson
67%
3 Muriel Taggert
67%
1 Gloria Larsen
66%
15 Warren Burgess
66%
1 Lena Burgess
61%
15 Bahumat
55%
11 Doren
55%
6 Patton Burgess
55%
11 Newel
52%
5 Fairy Queen
48%
15 Viola
44%
8 Hugo
39%
6 Maddox Fisk
31%
3 Mendigo
25%
14 Nero
25%
17 Scott Thomas
16%
1 Edna
9%
7 Erin
8%
1 Goldilocks
8%
1 Carl
3%
1 Sophie
3%
1 Marci
2%
5 Mr. Taggert
2%
No matching quizzes found
Score Distribution
Percent of People with Each Score
Percentile by Number Answered
Your Score History
You have not taken this quiz